000 00292nam a22001337a 4500
008 171031b xxu||||| |||| 00| 0 eng d
020 _a9780271020815
041 _aeng
080 _a33
100 _a58
101 _aBUS
245 _aMARKET AND COMMUNITY
_cLICHBACH, M.I
942 _2udc
_cBK
999 _c36677
_d36677